Short History of Christian Thought (Record no. 12051)

MARC details
000 -LEADER
fixed length control field 00612nam a2200241 a 4500
020 ## - INTERNATIONAL STANDARD BOOK NUMBER
ISBN 019347X
082 00 - DEWEY DECIMAL CLASSIFICATION NUMBER
Classification number 230.09
Author Cutter URB
100 ## - MAIN ENTRY--AUTHOR NAME
Author name Urban, Linwood
245 ## - TITLE STATEMENT
Title Short History of Christian Thought
260 ## - PUBLICATION, DISTRIBUTION, ETC. (IMPRINT)
Place of publication Londan
Name of publisher Oxford University Press
Year of publication 1995
300 ## - PHYSICAL DESCRIPTION
Number of Pages 461p
500 ## - GENERAL NOTE
General note includes index and biblioraphy
505 2# - FORMATTED CONTENTS NOTE
Formatted contents note Index
650 ## - SUBJECT ADDED ENTRY--TOPICAL TERM
Topical Term Theology-Doctrinal-History
942 ## - ADDED ENTRY ELEMENTS (KOHA)
Koha item type Books
700 1# -
-- Urban, Linwood
Holdings
Collection code Home library Current library Date acquired Cost, normal purchase price Full call number Accession Number Koha item type
  Henry Martyn Institute Library Henry Martyn Institute Library 01/25/2011 100.00 230.09 URB 017658 Books
                   Copyright © 2026 | Henry Martyn Institute | Hyderabad | TS-500052 | INDIA | Implemented by hmi.edu.in
Hit-Count:

Powered by Koha